000 00436nam a22001937i 4500
001 433
003 OSt
005 20170126082243.0
007 tu
008 161220s1988 xxu||||| |||| 00| 0 d
024 7 _a432
_2RID
040 _cOSt
084 _a3.21
_2z
100 1 _aAganbegyan, Abel
245 0 0 _aThe Challenge:Economics of Perestroika
260 _aLondon :
_bHutchinson,
_c1988.
300 _a248 S. ;
_c21cm.
651 _aSoviet Union
942 _cB
999 _c428
_d428